Etudes sur le tubage duodénal, l'epreuve de Meltzer-Lyon, l'alimentation duodénale / (Record no. 51590)
[ view plain ]
| 000 -LEADER | |
|---|---|
| campo de control de longitud fija | 00488nam a2200157 i 4500 |
| 001 - NÚMERO DE CONTROL | |
| campo de control | 51590 |
| 003 - IDENTIFICADOR DE NÚMERO DE CONTROL | |
| campo de control | ES-MaACL |
| 005 - FECHA Y HORA DE LA ÚLTIMA TRANSACCIÓN | |
| campo de control | 20230906162406.0 |
| 007 - CAMPO FIJO DE DESCRIPCIÓN FÍSICA--INFORMACIÓN GENERAL | |
| campo de control de longitud fija | t| |
| 008 - DATOS DE LONGITUD FIJA--INFORMACIÓN GENERAL | |
| campo de control de longitud fija | 030813s1926 fr ||||1| fre d |
| 100 1# - ENTRADA PRINCIPAL--NOMBRE DE PERSONA | |
| Nombre de persona | Damade, René. |
| 9 (RLIN) | 42549 |
| 245 10 - MENCIÓN DEL TÍTULO | |
| Título | Etudes sur le tubage duodénal, l'epreuve de Meltzer-Lyon, l'alimentation duodénale / |
| Mención de responsabilidad, etc. | par René Damade. |
| 260 ## - PUBLICACIÓN, DISTRIBUCIÓN, ETC. | |
| Lugar de publicación, distribución, etc. | [S.l. : |
| Nombre del editor, distribuidor, etc. | s.n., |
| Fecha de publicación, distribución, etc. | 1926] ( |
| Lugar de fabricación/manufactura | Bordeaux : |
| Fabricante | Y. Cadoret) |
| 300 ## - DESCRIPCIÓN FÍSICA | |
| Extensión | 100 p. ; |
| Dimensiones | 24 cm. |
| 852 ## - LOCALIZACIÓN | |
| Ubicación | ES-MaACL |
| Número de control de estantería | B-11559 |
| Estatus retirado | Estado de pérdida | Estado de daño | No para préstamo | Biblioteca de origen | Biblioteca actual | Ubicación en estantería | Fecha de adquisición | Fuente de adquisición | Total de préstamos | Signatura topográfica completa | Código de barras | Visto por última vez | Precio de reemplazo | Tipo de ítem Koha |
|---|---|---|---|---|---|---|---|---|---|---|---|---|---|---|
| Biblioteca del Ateneo de Madrid | Biblioteca del Ateneo de Madrid | Sala Pardo Bazán | 17/01/2008 | B-11559 | 1054255 | 23/02/2023 | 23/02/2023 | Libro impreso |
